Fotogrametría (Record no. 75647)

MARC details
000 -LEADER
campo de control de longitud fija 00706nam a2200193 i 4500
001 - NÚMERO DE CONTROL
campo de control 75647
003 - IDENTIFICADOR DE NÚMERO DE CONTROL
campo de control ES-MaACL
005 - FECHA Y HORA DE LA ÚLTIMA TRANSACCIÓN
campo de control 20250928125225.0
007 - CAMPO FIJO DE DESCRIPCIÓN FÍSICA--INFORMACIÓN GENERAL
campo de control de longitud fija t|
008 - DATOS DE LONGITUD FIJA--INFORMACIÓN GENERAL
campo de control de longitud fija 040927s1932 sp ||||1| spa d
100 1# - ENTRADA PRINCIPAL--NOMBRE DE PERSONA
Nombre de persona Gruber, O. V.
9 (RLIN) 60228
245 10 - MENCIÓN DEL TÍTULO
Título Fotogrametría
Resto del título : lecciones y artículos de diversos autores publicados en alemán /
Mención de responsabilidad, etc. por O.V. Gruber ; traducidos al español por José Mª Torroja.
260 ## - PUBLICACIÓN, DISTRIBUCIÓN, ETC.
Lugar de publicación, distribución, etc. Madrid :
Nombre del editor, distribuidor, etc. [s.n.,
Fecha de publicación, distribución, etc. 1932] (
Lugar de fabricación/manufactura Pena (Alemania) :
Fabricante Carl Zeiss ; H. Niemeyer)
300 ## - DESCRIPCIÓN FÍSICA
Extensión XII, 484 p. ;
Dimensiones 25 cm.
650 04 - PUNTO DE ACCESO ADICIONAL DE MATERIA--TÉRMINO DE MATERIA
Término de materia o nombre geográfico como elemento de entrada Fotogrametría.
9 (RLIN) 12969
700 1# - ENTRADA AGREGADA--NOMBRE PERSONAL
Nombre de persona Torroja y Miret, José María,
Fechas asociadas al nombre 1884-1954
9 (RLIN) 151755
852 ## - LOCALIZACIÓN
Ubicación ES-MaACL
Número de control de estantería A-1952
Sublocalización o colección R.13120
Holdings
Estatus retirado Estado de pérdida Estado de daño No para préstamo Biblioteca de origen Biblioteca actual Ubicación en estantería Fecha de adquisición Fuente de adquisición Total de préstamos Signatura topográfica completa Código de barras Visto por última vez Precio de reemplazo Tipo de ítem Koha
        Biblioteca del Ateneo de Madrid Biblioteca del Ateneo de Madrid Sala Pecera Planta 1 17/01/2008     A-1952 1079176 23/02/2023 23/02/2023 Libro impreso